Из историята на българския балет (Запис номер 116227)
[ съкратено ]
| 000 -Лидер | |
|---|---|
| Контролно поле с фиксирана дължина | 01391nam a2200337 a 4500 |
| 003 - Код на организацията, давaща контролен номер | |
| Контролно поле | BLK |
| 005 - Дата и час на последна редакция | |
| Контролно поле | 20240402110328.0 |
| 008 - Елементи от данни с фиксирана дължина | |
| fixed length control field | 180409b bul|||||r ||||||| ||bul|| |
| 010 ## - Наследен системен номер | |
| LC control number | KNG00121762000 |
| 040 ## - Източник на каталожния запис | |
| Идентификатор на билиотеката - собственик на записа | BLK |
| 041 ## - Код за език | |
| Код за езика на текст/звукозапис или на отделно заглавие | Български |
| Код за езика КДБФ | Български |
| 080 ## - УДК | |
| Текстов определител УДК | Балетни театри. Хореографски представления. Сценични танци. Вж и 793.32 |
| УДК код - определител по УДК | 792.8 |
| УДК определител | (497.2)(091) |
| УДК - код + определител | 792.8(497.2)(091) |
| 100 ## - Редна дума - Автор | |
| Автор | Консулова, Виолета Михайлова |
| Дати, свързани с автора | 1933 - 1993 |
| Автор - информация (биография) | Театрален и балетен критик, театровед. |
| R(LIN) | 376402 |
| 139 ## - Редно поле | |
| Редна дума | Консулова, Виолета Михайлова |
| Авторски знак | Консти - К 83 |
| 245 10 - Сведения за заглавието | |
| Заглавие | Из историята на българския балет |
| Редно поле (дума) | Виолета Михайлова Консулова. |
| 257 ## - Страна на издаване | |
| Страна на създаване/издаване | България |
| 260 ## - Област на издателските данни | |
| Име на издателя, разпространителя и проч. | БАН |
| Година на издаване | 1981 |
| Място на издаване, разпространение и проч. | София |
| 300 ## - Физическа характеристика | |
| Страници | 128 с. |
| Размери/Мащаб | 20 см |
| 380 ## - Жанр | |
| Жанр | Изкуство |
| 650 #4 - Допълнително описание по предмет – тема | |
| Основно описание – тема или топоним | Балет, български - история |
| 9 (RLIN) | 263561 |
| 653 ## - Ключова дума – ненормативна | |
| Ключова дума | Юлиан Крейн |
| 653 ## - Ключова дума – ненормативна | |
| Ключова дума | България |
| 653 ## - Ключова дума – ненормативна | |
| Ключова дума | история |
| 852 ## - Местоположение | |
| Форматна сигнатура | Цб 107518 |
| Фондова буква | Хранилище |
| 856 4# - Електронен адрес и достъп | |
| Електронен формат | pdf - файл |
| Инструкция (цена за достъп) | 0.00 |
| Права за достъп | disable |
| 856 4# - Електронен адрес и достъп | |
| Електронен формат | pdf - файл |
| Инструкция (цена за достъп) | 0.00 |
| Права за достъп | disable |
| 999 ## - СИСТЕМНИ КОНТРОЛНИ НОМЕРА | |
| Koha biblionumber | 116227 |
| Koha biblioitemnumber | 116227 |
| 942 ## - АРТИКУЛИ | |
| Вид на библиотечния материал | Книги |
| Скрит в OPAC | Не |
| Периодичен библиозапис | Да |
| 944 ## - СЪЗДАВАНЕ И РЕДАКЦИЯ на ЗАПИСА | |
| Създаване/Редакция | Създаване |
| Дата на регистрацията/редакция | 10.03.2011 |
| Статус, дата на статуса | Геновева Генчева |
| Служител, извършил регистрацията/редакцията | 30560 |
| 944 ## - СЪЗДАВАНЕ И РЕДАКЦИЯ на ЗАПИСА | |
| Създаване/Редакция | Редакция |
| Дата на регистрацията/редакция | 21.08.2015 |
| Статус, дата на статуса | добави в АБ / 09.03.2011 |
| Служител, извършил регистрацията/редакцията | Камелия_Данева |
| 999 ## - СИСТЕМНИ КОНТРОЛНИ НОМЕРА | |
| Koha biblioitemnumber | 116227 |
| Код за отписване | Код за изгубен артикул | Източник на класификационната схема | Код за повреда | Коз за рестрикции | Код за отдаване | Артикулен № | Име на библиотеката - собственик | Име на библиотеката, в която се намира в момента | Статус (Текущо местоположение) | Дата на вписване в системата | Местоположение - отдел | Цена в лева | Инвентарен номер | Систематично азбучна сигнатура | Баркод | Номер на екземпляра | Цена в евро | Служебна бележка | Служебен тип на артикула |
|---|---|---|---|---|---|---|---|---|---|---|---|---|---|---|---|---|---|---|---|
| Не е изгубен | Universal Decimal Classification | Не е повреден | без рестрикции | заемане за дома | 187182 | Регионална библиотека "Любен Каравелов" Русе | Регионална библиотека "Любен Каравелов" Русе | Отдел Изкуство - подръчен фонд | 1981-01-01 | Отдел Изкуство - подръчен фонд | 1.79 | 327388 | 792.8/К 83 | 120000327388 | 1 | 0.92 | N: стар фонд Дата: 01.01.1981 Дата инв: 18.06.2012 Бележки инв: * | Книги | |
| Не е изгубен | Universal Decimal Classification | Не е повреден | без рестрикции | заемане за дома | 187183 | Регионална библиотека "Любен Каравелов" Русе | Регионална библиотека "Любен Каравелов" Русе | Отдел Изкуство - подръчен фонд | 1981-01-01 | Отдел Изкуство - подръчен фонд | 1.79 | 327386 | 792.8/К 83 | 120000327386 | 2 | 0.92 | Дост: Pk Вид: Ф N: стар фонд Дата: 01.01.1981 Дата инв: 05.04.2017 Бележки инв: ИП2017 | Книги | |
| Не е изгубен | Universal Decimal Classification | Не е повреден | само за читалня | ползва се в читалня | 187184 | Регионална библиотека "Любен Каравелов" Русе | Регионална библиотека "Любен Каравелов" Русе | Хранилище | 1981-01-01 | Хранилище | 1.79 | 322536 | Цб 107518 | 120000322536 | 3 | 0.92 | N: стар фонд Дата: 01.01.1981 | Книги |